<?xml version="1.0" encoding="UTF-8"?>
<collection xmlns="http://www.loc.gov/MARC21/slim">
 <record>
  <leader>00833nam a22002295a 4500</leader>
  <controlfield tag="001">EIQ.libpla003921</controlfield>
  <controlfield tag="008">080409s1983####xx#a#####f####001#0#eng#d</controlfield>
  <controlfield tag="005">20080409190635.0</controlfield>
  <datafield tag="245" ind1="1" ind2="0">
   <subfield code="a">Mecl system design handbook /</subfield>
   <subfield code="c">author William R. Blood.</subfield>
  </datafield>
  <datafield tag="250" ind1=" " ind2=" ">
   <subfield code="a">4th ed.</subfield>
  </datafield>
  <datafield tag="260" ind1=" " ind2=" ">
   <subfield code="a">[Phoenix, Ariz.] :</subfield>
   <subfield code="b">Motorola,</subfield>
   <subfield code="c">c1983.</subfield>
  </datafield>
  <datafield tag="300" ind1=" " ind2=" ">
   <subfield code="a">x,254p. :</subfield>
   <subfield code="b">il. ;</subfield>
   <subfield code="c">24 cm.</subfield>
  </datafield>
  <datafield tag="500" ind1=" " ind2=" ">
   <subfield code="a">Incluye índice.</subfield>
  </datafield>
  <datafield tag="100" ind1="1" ind2=" ">
   <subfield code="a">Blood, William R.</subfield>
  </datafield>
  <datafield tag="700" ind1="1" ind2=" ">
   <subfield code="a">Computer Applications Engineering Dept.,</subfield>
   <subfield code="e">comp.</subfield>
   <subfield code="4">com</subfield>
  </datafield>
  <datafield tag="710" ind1="2" ind2=" ">
   <subfield code="a">Motorola Semiconductor Products inc.</subfield>
  </datafield>
  <datafield tag="650" ind1=" " ind2="4">
   <subfield code="a">Electrónica</subfield>
   <subfield code="x">Circuitos lógicos.</subfield>
  </datafield>
  <datafield tag="650" ind1=" " ind2="4">
   <subfield code="a">Microelectrónica</subfield>
   <subfield code="x">Handbooks, manuales, etc.</subfield>
  </datafield>
  <datafield tag="650" ind1=" " ind2="4">
   <subfield code="a">Electronics</subfield>
   <subfield code="x">Logic circuits.</subfield>
  </datafield>
  <datafield tag="650" ind1=" " ind2="4">
   <subfield code="a">Microelectronics</subfield>
   <subfield code="x">Handbooks, manuals, etc.</subfield>
  </datafield>
  <datafield tag="040" ind1=" " ind2=" ">
   <subfield code="a">AR-BbSID</subfield>
   <subfield code="b">spa</subfield>
   <subfield code="c">AR-BbSID</subfield>
  </datafield>
  <datafield tag="859" ind1=" " ind2=" ">
   <subfield code="a">AR-BbSID</subfield>
   <subfield code="b">BIB. PLAPIQUI</subfield>
   <subfield code="h">621.380</subfield>
   <subfield code="i">B 56</subfield>
   <subfield code="p">2484</subfield>
  </datafield>
 </record>
</collection>
